Desregulación y privatización de empresas públicas en Argentina (Registro nro. 18057)
[ vista simple ]
| 000 -LEADER | |
|---|---|
| fixed length control field | 00356 a2200109 4500 |
| 001 - CONTROL NUMBER | |
| control field | ART_12822 |
| 005 - DATE AND TIME OF LATEST TRANSACTION | |
| control field | 20260410161733.0 |
| 008 - FIXED-LENGTH DATA ELEMENTS--GENERAL INFORMATION | |
| fixed length control field | 260409a |
| 100 1# - MAIN ENTRY--PERSONAL NAME | |
| Personal name | Frediani, Ramón O. |
| 245 10 - TITLE STATEMENT | |
| Title | Desregulación y privatización de empresas públicas en Argentina |
| 773 0# - HOST ITEM ENTRY | |
| Title | Ejecutivos de finanzas |
| Related parts | - Año 6, Nº 49 (sep. 1988) |
| Record control number | REV2863 |
No hay ítems disponibles.